000 00567nam a22002057a 4500
003 BUBTL
008 140128b xxu||||| |||| 00| 0 eng d
020 _a8176634824
082 _a657.42/ J1992a/ 2000
100 _986
_aJain, S. P.
245 _aAdvanced cost accounting
_c S. P. Jain & K. L. Narang
250 _a1st
260 _aNew Delhi,
_bKalyani,
_cc2000.
300 _a[xv], 1376p . :
_bill. 24cm .
650 0 _951
_aCost Accounting
700 _987
_aNarang, K. L.
856 _k0
_l0
_yDownload
942 _2ddc
_cBK
999 _c92
_d92